00425nam a22001337a 4500008004100000040005500041080002200096100002100118245005200139260004700191300001400238650001200252653002700264230406b |||||||| |||| 00| 0 eng d aNational Science LibrarycNational Science Library a338.964:65.01bL01 aSingh, Nau Nihal aScientific management of small-scale industries aBombay: bLalvani Publishing House, c1970 axv, 424p. aEconomy aSmall scale industries